000 00243nam a2200097Ia 4500
008 240625s9999 xx 000 0 und d
041 _aeng
082 _a808.20 SHA
100 _aSHARMA NISHANT
245 _aTRAINING MODULE FOR ENTRY LEVEL EMPLOYEE
999 _c36492
_d36492